The RICS valuation and appraisal standards (Record no. 74087)

MARC details
000 -LEADER
fixed length control field 01491cab a2200253 4500
001 - CONTROL NUMBER
control field ABS67469
008 - FIXED-LENGTH DATA ELEMENTS--GENERAL INFORMATION
fixed length control field 040129n2003 000 0 eng u
035 ## - SYSTEM CONTROL NUMBER
System control number (Sirsi) u124955
100 ## - MAIN ENTRY--PERSONAL NAME
Personal name French, N.
245 #4 - TITLE STATEMENT
Title The RICS valuation and appraisal standards
260 ## - PUBLICATION, DISTRIBUTION, ETC.
Date of publication, distribution, etc. 2003
490 ## - SERIES STATEMENT
Series statement Journal of Property Investment and Finance
Volume/sequential designation 21(6) 2003, 495-501(7)
520 ## - SUMMARY, ETC.
Summary, etc. The RICS has, over a period of more than 25 years, provided guidance and mandatory advice to valuers providing valuations in the UK in the form of a series of appraisal and valuation manuals. In May 2003, the latest edition of these manuals was published: "The RICS valuation and appraisal standards" (ISBN 1842191233). One of the principal aims of the new (fifth) edition was to reflect the increasing international status of the RICS. As a result the new standards will clarify the distinction between standards, which are of relevance to members worldwide and those that are specific to practice in the UK. Effectively, the new book is implementing the RICS policy of adopting and supporting international valuation standards. [Taken from journal headnote]
590 ## - LOCAL NOTE (RLIN)
Local note ABS
650 ## - SUBJECT ADDED ENTRY--TOPICAL TERM
Topical term or geographic name entry element UNITED KINGDOM
650 ## - SUBJECT ADDED ENTRY--TOPICAL TERM
Topical term or geographic name entry element VALUERS
650 ## - SUBJECT ADDED ENTRY--TOPICAL TERM
Topical term or geographic name entry element VALUATIONS
650 ## - SUBJECT ADDED ENTRY--TOPICAL TERM
Topical term or geographic name entry element INTERNATIONAL VALUATION STANDARDS
650 ## - SUBJECT ADDED ENTRY--TOPICAL TERM
Topical term or geographic name entry element APPRAISAL AND VALUATION MANUAL
650 ## - SUBJECT ADDED ENTRY--TOPICAL TERM
Topical term or geographic name entry element RICS appraisal and valuation standards
650 ## - SUBJECT ADDED ENTRY--TOPICAL TERM
Topical term or geographic name entry element VALUATION PROCESS
690 ## - LOCAL SUBJECT ADDED ENTRY--TOPICAL TERM (OCLC, RLIN)
Topical term or geographic name as entry element PROPERTY-PROPERTY APPRAISAL AND VALUATION
942 ## - ADDED ENTRY ELEMENTS (KOHA)
Suppress in OPAC 0
Holdings
Withdrawn status Lost status Source of classification or shelving scheme Damaged status Not for loan Home library Current library Shelving location Date acquired Total Checkouts Full call number Barcode Date last seen Copy number Price effective from Koha item type
    Dewey Decimal Classification     London London Journal article 29/01/2004   ABS67469 124955-1001 06/08/2019 1 06/08/2019 Journal article